[Event "SRB-ch U18"]
[Site "Novi Sad"]
[Date "2021.08.07"]
[Round "8"]
[White "Petrovic, Aleksa"]
[Black "Stankovic, Igor"]
[Result "1-0"]
[WhiteElo "2082"]
[BlackElo "1750"]
[PlyCount "65"]
[EventDate "2021.08.03"]
[EventType "swiss"]
[EventRounds "9"]
[EventCountry "SRB"]
[SourceTitle "EXT 2022"]
[Source "ChessBase"]
[SourceDate "2021.10.06"]
[SourceVersion "1"]
[SourceVersionDate "2021.10.06"]
[SourceQuality "1"]

1. d4 Nf6 2. c4 g6 3. f3 Bg7 4. e4 d6 5. Nc3 0-0 6. Nge2 c5 7. d5 a6 8. a4 Nbd7 9. Ng3 Ne5 10. f4 Neg4 11. h3 Nh6 12. Bd3 e6 13. 0-0 exd5 14. cxd5 Ne8 15. f5 Bd4+ 16. Kh1 Qh4 17. Nge2 Ng4 18. Nxd4 cxd4 19. Qxg4 Qxg4 20. hxg4 dxc3 21. Bh6 cxb2 22. Rab1 Nc7 23. fxg6 hxg6 24. Bxf8 Kxf8 25. Rxb2 Ke7 26. g5 Bd7 27. Rxb7 Rc8 28. Rc1 Kd8 29. a5 Nb5 30. Rxc8+ Kxc8 31. Bxb5 axb5 32. a6 Be8 33. Re7 1-0

[Event "SRB-ch U18"]
[Site "Novi Sad"]
[Date "2021.08.06"]
[Round "6"]
[White "Stankovic, Igor"]
[Black "Orlic, Vukasin"]
[Result "1/2-1/2"]
[WhiteElo "1750"]
[BlackElo "1792"]
[PlyCount "113"]
[EventDate "2021.08.03"]
[EventType "swiss"]
[EventRounds "9"]
[EventCountry "SRB"]
[SourceTitle "EXT 2022"]
[Source "ChessBase"]
[SourceDate "2021.10.06"]
[SourceVersion "1"]
[SourceVersionDate "2021.10.06"]
[SourceQuality "1"]

1. e4 c6 2. d4 d5 3. Nc3 dxe4 4. Nxe4 Bf5 5. Ng3 Bg6 6. h4 h6 7. Nf3 Nd7 8. h5 Bh7 9. Bd3 Bxd3 10. Qxd3 e6 11. Bd2 Ngf6 12. 0-0-0 Qc7 13. Ne4 Be7 14. Kb1 0-0-0 15. g3 Nxe4 16. Qxe4 Nf6 17. Qe2 Bd6 18. c4 Qe7 19. c5 Bc7 20. Rh4 Rd5 21. g4 Nh7 22. Qe4 Ng5 23. Nxg5 hxg5 24. Rhh1 Qf6 25. Be3 Bf4 26. Rdf1 Rhd8 27. Qh7 Qh6 28. Qe4 Kb8 29. Rh3 e5 30. dxe5 Bxe5 31. Rf3 f6 32. Rf5 Qh8 33. f4 gxf4 34. Bxf4 Bxf4 35. Qxf4+ Kc8 36. Re1 Qf8 37. Qf2 Rd1+ 38. Rxd1 Rxd1+ 39. Kc2 Qd8 40. Rf3 Rd5 41. b4 Rd4 42. Rf4 Rd5 43. Qe2 Re5 44. Re4 Qd5 45. Rxe5 fxe5 46. Kc3 Qd4+ 47. Kb3 e4 48. g5 Qd5+ 49. Kc3 Qxg5 50. Qxe4 Qxh5 51. Qe6+ Kd8 52. Qd6+ Kc8 53. Qf8+ Kd7 54. Qxg7+ Kc8 55. Qf8+ Kc7 56. Qd6+ Kc8 57. Qf8+ 1/2-1/2

[Event "SRB-ch U12"]
[Site "Kragujevac"]
[Date "2016.05.03"]
[Round "3"]
[White "Stankovic, Igor"]
[Black "Petrovic, Aleksa"]
[Result "0-1"]
[WhiteElo "1779"]
[BlackElo "1784"]
[PlyCount "144"]
[EventDate "2016.05.02"]
[EventType "swiss"]
[EventRounds "9"]
[EventCountry "SRB"]
[SourceTitle "CBM 172 Extra"]
[Source "ChessBase"]
[SourceDate "2016.06.21"]
[SourceVersion "1"]
[SourceVersionDate "2016.06.21"]
[SourceQuality "1"]

1. e4 c5 2. Nf3 d6 3. d4 Nf6 4. Nc3 cxd4 5. Nxd4 e6 6. Be3 a6 7. Qd2 Be7 8. f3 Qc7 9. 0-0-0 Nbd7 10. g4 b5 11. Bd3 Nc5 12. h4 Nfd7 13. g5 Ne5 14. Bf1 Rb8 15. Kb1 b4 16. Nce2 Nc4 17. Qc1 a5 18. Ng3 Nxe3 19. Qxe3 Bd7 20. h5 Rb6 21. Nb3 Nxb3 22. Qxb3 a4 23. Qc4 Qxc4 24. Bxc4 Bxg5 25. Rd3 0-0 26. e5 d5 27. Bxd5 exd5 28. Rxd5 Be6 29. Rd3 b3 30. cxb3 axb3 31. axb3 Rxb3 32. Rdd1 Rfb8 33. Rh2 Bf4 34. Rg2 Bxg3 35. Rxg3 Rxb2+ 36. Kc1 Bf5 37. Rd8+ Rxd8 38. Kxb2 Rd3 39. h6 g6 40. Rg1 Rxf3 41. Rd1 Rf2+ 42. Kc3 Kf8 43. Rd8+ Ke7 44. Rh8 g5 45. Rg8 g4 46. Kd4 Rd2+ 47. Ke3 Rd3+ 48. Kf4 Rf3+ 49. Kg5 g3 50. Kh4 Rf4+ 51. Kxg3 Re4 52. Rg5 Rxe5 53. Kf4 Kf6 54. Rh5 Re4+ 55. Kg3 Kg6 56. Rh2 Kg5 57. Kf3 Rh4 58. Rxh4 Kxh4 59. Kf4 Kh5 60. Kxf5 Kxh6 61. Kg4 Kg6 62. Kh4 f5 63. Kg3 Kg5 64. Kf3 f4 65. Kg2 Kg4 66. Kf2 f3 67. Kg1 Kg3 68. Kh1 h5 69. Kg1 h4 70. Kh1 h3 71. Kg1 f2+ 72. Kf1 h2 0-1